000
00211 a2200097 4500
001
32692
100
_a
Broad, L
245
_a
Winston Churchill
260
_a
London
_b
Sidwick & Jackson
_c
090
_c
21893
_d
21893
942
_a
NUST-CAE
_c
M
_c
13217
999
_c
267765
_d
267765